| 000 | 00742nam a22002657a 4500 | ||
|---|---|---|---|
| 008 | 100817b1998 tu |||gr||||#||||0|tur | | ||
| 040 |
_aTR-BiSEU _btur _cTR-BiSEU _erda |
||
| 001 | 0021476 | ||
| 003 | KOHA_MİRAKIL | ||
| 005 | 20260207002319.0 | ||
| 007 | ta | ||
| 041 | 0 | _atur | |
| 044 | _ctu | ||
| 050 |
_aBP165 _b.G85 1998 |
||
| 100 | 1 | _aGülen, M. Fethullah. | |
| 245 | 1 |
_aRuhumuzun heykelini dikerken / _cM. Fethullah Gülen ; M. Fethullah Gülen. |
|
| 264 | 1 |
_aİstanbul : _bZaman _c1998 |
|
| 300 | _a180 s. | ||
| 336 |
_ametin _btxt _2rdacontent |
||
| 337 |
_aaracısız _bn _2rdamedia |
||
| 338 |
_acilt _bnc _2rdacarrier |
||
| 500 | _aDizin var. | ||
| 650 | 0 |
_aIslam--Addresses, essays, lectures. _945650 |
|
| 942 |
_2lcc _cBK |
||
| 999 |
_c21432 _d21432 |
||